书目信息 |
| 题名: |
最美林业故事
|
|
| 作者: | 李世东 主编 ;国家林业和草原局信息化管理办公室 编 | |
| 分册: | ||
| 出版信息: | 北京 中国林业出版社 2018 |
|
| 页数: | 384页 | |
| 开本: | 24cm | |
| 丛书名: | 生态文化系列丛书 | |
| 单 册: | ||
| 中图分类: | I253.6 , K826.3=76 | |
| 科图分类: | ||
| 主题词: | 纪实文学--ji shi wen xue--作品集--中国--当代 , 林业--lin ye--科研人员--生平事迹--中国--现代 | |
| 电子资源: | ||
| ISBN: | 978-7-5038-9476-3 | |
| 000 | 01212nam 2200325 450 | |
| 001 | 012001007796 | |
| 005 | 20130121141712.0 | |
| 010 | @a978-7-5038-9476-3@dCNY88.00 | |
| 099 | @aCAL 012019047074 | |
| 100 | @a20190415d2018 ekmy0chiy50 ea | |
| 101 | 0 | @achi |
| 102 | @aCN@b110000 | |
| 105 | @aa z 000zd | |
| 106 | @ar | |
| 200 | 1 | @a最美林业故事@Azui mei lin ye gu shi@f国家林业和草原局信息化管理办公室编 |
| 210 | @a北京@c中国林业出版社@d2018 | |
| 215 | @a384页@c图@d24cm | |
| 225 | 2 | @a生态文化系列丛书@Asheng tai wen hua xi lie cong shu |
| 300 | @a第四届“美丽中国”作品大赛 | |
| 314 | @a主编:李世东 | |
| 330 | @a本书收录了第四届“美丽中国”最美林业故事大赛获奖的50篇作品,包括《“太行新愚公”李保国》《追猫人》《此生,要在鄱阳湖守护候鸟》等。 | |
| 410 | 0 | @12001 @a生态文化系列丛书 |
| 606 | 0 | @a纪实文学@Aji shi wen xue@x作品集@y中国@z当代 |
| 606 | 0 | @a林业@Alin ye@x科研人员@x生平事迹@y中国@z现代 |
| 690 | @aI253.6@v5 | |
| 690 | @aK826.3=76@v5 | |
| 701 | 0 | @a李世东@Ali shi dong@4主编 |
| 712 | 02 | @a国家林业和草原局信息化管理办公室@Aguo jia lin ye he cao yuan ju xin xi hua guan li ban gong shi@4编 |
| 801 | 0 | @aCN@b上海新华@c20191020 |
| 905 | @b1134084-7@dI253.6@e1110@f4 | |
| 最美林业故事/国家林业和草原局信息化管理办公室编.-北京:中国林业出版社,2018 |
| 384页:图;24cm.-(生态文化系列丛书) |
| 第四届“美丽中国”作品大赛 |
| ISBN 978-7-5038-9476-3:CNY88.00 |
| 本书收录了第四届“美丽中国”最美林业故事大赛获奖的50篇作品,包括《“太行新愚公”李保国》《追猫人》《此生,要在鄱阳湖守护候鸟》等。 |
| ● |
| 相关链接 |
|
|
|
|
正题名:最美林业故事
索取号:I253.6/1110
 
预约/预借
| 序号 | 登录号 | 条形码 | 馆藏地/架位号 | 状态 | 备注 |
| 1 | 1134084 | 211340841 | 第一样本阅览室/ [索取号:I253.6/1110] | 在馆 | |
| 2 | 1134085 | 211340850 | 第二借阅区/ [索取号:I253.6/1110] | 在馆 | |
| 3 | 1134086 | 211340869 | 第二借阅区/ [索取号:I253.6/1110] | 在馆 | |
| 4 | 1134087 | 211340878 | 第二借阅区/ [索取号:I253.6/1110] | 在馆 |